Jurisdicción y democracia : los nuevos rumbos del Poder Judicial en México /

Texto que estudia las diversas reformas que han hecho posible la evolución del poder judicial en México y, más en concreto de la Suprema Corte de Justicia, hasta convertirse en un verdadero y legítimo árbitro en las relaciones entre los poderes.

Zapisane w:
Opis bibliograficzny
1. autor: González Compeán, Miguel (autor)
Kolejni autorzy: Bauer, Peter (autor) (autor), Jaime, Edna (presentación) (presentación)
Format: Książka
Język:hiszpański
Wydane: México : Cal y Arena, 2002, c2002
Hasła przedmiotowe:
Etykiety: Dodaj etykietę
Nie ma etykietki, Dołącz pierwszą etykiete!

MARC

LEADER 00000nam^a2200000^a^4500
001 000145538
005 20250521000000.0
009 20260310095839.649
020 |a 968-493-402-5 
037 |a Acervo ITESO - Biblioteca 
041 |a ESP 
082 |a 328. 34530972  |b GON 
100 |a González Compeán, Miguel  |e (autor) 
245 1 0 |a Jurisdicción y democracia :  |b los nuevos rumbos del Poder Judicial en México /  |c M. González Compeán, P. Bauer ; presen. de E. Jaime. 
264 4 |a México :  |b Cal y Arena,  |c 2002, c2002 
300 |a 535 p. 
336 |a texto  |b txt  |2 rdacontenido 
337 |a sin mediación  |b n  |2 rdamedio 
338 |a volumen  |b nc  |2 rdasoporte 
520 |a Texto que estudia las diversas reformas que han hecho posible la evolución del poder judicial en México y, más en concreto de la Suprema Corte de Justicia, hasta convertirse en un verdadero y legítimo árbitro en las relaciones entre los poderes. 
649 |a XX 
650 |a Suprema Corte de Justicia de la Nación -  |z México -  |x Tema Principal 
650 |a Poder Judicial -  |z México -  |x Tema Principal 
650 |a Reforma Constitucional -  |z México 
650 |a Reforma Política -  |z México 
650 |a Administración Pública -  |z México 
650 |a Derecho Administrativo -  |z México 
650 |a Derecho Constitucional -  |z México 
650 |a Política -  |z México -  |x Historia -  |y Siglo XX 
650 |a México -  |x Condiciones Jurídicas 
650 |a México -  |x Condiciones Políticas 
700 |a Bauer, Peter  |e (autor) 
700 |a Jaime, Edna  |e (presentación) 
910 |a Fondo General 
920 |a Impresos - Libros 
930 |a Colección General 
905 |a 101 
901 |a 0500074827  |b IT1  |c ACC  |u 20250521 
902 |a https://opac.biblio.iteso.mx/vufind/Record/000145538